Loading...
| Science - Physics | 0 | 6 | 1 | 0 | 55 | 28 | 55.67 | 1 | 4 | 0.00 | 0.00 |
| Literature - British | 0 | 5 | 0 | 1 | 50 | 69 | 93.40 | 0 | 1 | 0.00 | 0.00 |
| Philosophy | 0 | 4 | 0 | 0 | 40 | 30 | 79.25 | 1 | 1 | 0.00 | 0.00 |
| Fine Arts - Classical Music | 0 | 4 | 0 | 0 | 40 | 82 | 109.25 | 0 | 1 | 0.00 | 0.00 |
| Literature - American | 0 | 4 | 0 | 2 | 40 | 95 | 105.00 | 0 | 0 | 0.00 | 0.00 |
| Science - Other | 0 | 3 | 0 | 2 | 30 | 74 | 98.33 | 1 | 2 | 0.00 | 0.00 |
| History - American | 0 | 3 | 0 | 0 | 30 | 88 | 93.67 | 0 | 0 | 0.00 | 0.00 |
| Science - Biology | 0 | 3 | 0 | 1 | 30 | 46 | 82.33 | 0 | 1 | 0.00 | 0.00 |
| Religion | 0 | 2 | 0 | 0 | 20 | 81 | 83.50 | 0 | 0 | 0.00 | 0.00 |
| Science - Chemistry | 0 | 2 | 0 | 1 | 20 | 88 | 103.00 | 0 | 0 | 0.00 | 0.00 |
| Fine Arts - Other | 0 | 2 | 0 | 0 | 20 | 87 | 99.00 | 0 | 0 | 0.00 | 0.00 |
| History - World | 0 | 2 | 0 | 0 | 20 | 35 | 65.50 | 0 | 0 | 0.00 | 0.00 |
| Literature - European | 0 | 2 | 0 | 0 | 20 | 70 | 90.50 | 0 | 1 | 0.00 | 0.00 |
| Fine Arts - Painting and Sculpture | 0 | 2 | 0 | 1 | 20 | 95 | 106.50 | 0 | 0 | 0.00 | 0.00 |
| History - European | 0 | 2 | 1 | 2 | 15 | 108 | 112.00 | 0 | 0 | 0.00 | 0.00 |
| Current Events | 0 | 1 | 0 | 1 | 10 | 112 | 112.00 | 0 | 0 | 0.00 | 0.00 |
| Geography | 0 | 1 | 0 | 0 | 10 | 110 | 110.00 | 0 | 0 | 0.00 | 0.00 |
| History - Other | 0 | 1 | 0 | 0 | 10 | 106 | 106.00 | 0 | 0 | 0.00 | 0.00 |
| Mythology | 0 | 1 | 0 | 0 | 10 | 101 | 101.00 | 0 | 0 | 0.00 | 0.00 |
| Social Science | 0 | 1 | 1 | 0 | 5 | 80 | 80.00 | 0 | 0 | 0.00 | 0.00 |